|
|
|
|
| LEADER |
01717nam a2200493 i 4500 |
| 001 |
nkc20183039154 |
| 003 |
CZ PrNK |
| 005 |
20240412121548.0 |
| 007 |
ta |
| 008 |
181003s2018 xr a e f 001 0 eng |
| 015 |
|
|
|a cnb003039154
|
| 020 |
|
|
|a 978-80-907143-0-4
|q (brožováno)
|
| 035 |
|
|
|a (OCoLC)1078645214
|
| 040 |
|
|
|a BOA001
|b cze
|d ABA001
|e rda
|
| 041 |
1 |
|
|a eng
|h cze
|
| 072 |
|
7 |
|a 633
|x Rostlinná výroba
|2 Konspekt
|9 24
|
| 080 |
|
|
|a 633.888
|2 MRF
|
| 080 |
|
|
|a 633/635.01/.04
|2 MRF
|
| 080 |
|
|
|a (035)
|2 MRF
|
| 100 |
0 |
|
|a Mr. José
|7 mzk2011628129
|4 aut
|
| 240 |
1 |
0 |
|a Jak pěstovat konopí indoor 2.0.
|l Anglicky
|
| 245 |
1 |
0 |
|a How to grow cannabis indoor 2.0 /
|c Mr. José ; translator: Matthew Sweeny
|
| 246 |
1 |
|
|i Název v tiráži:
|a How to grow cannabis indoors
|
| 250 |
|
|
|a Issue: first
|
| 264 |
|
1 |
|a [Plzeň] :
|b Josef Krejčík,
|c 2018
|
| 300 |
|
|
|a 371 stran :
|b ilustrace (převážně barevné) ;
|c 21 cm
|
| 336 |
|
|
|a text
|b txt
|2 rdacontent
|
| 337 |
|
|
|a bez média
|b n
|2 rdamedia
|
| 338 |
|
|
|a svazek
|b nc
|2 rdacarrier
|
| 500 |
|
|
|a Přeloženo z češtiny
|
| 500 |
|
|
|a Název z obálky
|
| 504 |
|
|
|a Obsahuje bibliografické odkazy a rejstřík
|
| 650 |
0 |
7 |
|a konopí
|7 ph114970
|2 czenas
|
| 650 |
0 |
7 |
|a pěstování užitkových rostlin
|7 ph305446
|2 czenas
|
| 650 |
0 |
9 |
|a hemp
|2 eczenas
|
| 650 |
0 |
9 |
|a useful plants cultivation
|2 eczenas
|
| 655 |
|
7 |
|a příručky
|7 fd133209
|2 czenas
|
| 655 |
|
9 |
|a handbooks and manuals
|2 eczenas
|
| 700 |
1 |
|
|a Sweney, Matthew,
|d 1964-
|7 jn20000605231
|4 trl
|
| 910 |
2 |
|
|a BOA001
|b 2-1414.941
|
| 990 |
|
|
|a BK
|
| 995 |
|
|
|a 01
|
| 991 |
|
|
|b 201810
|c NOV
|
| 996 |
6 |
|
|b 2610756685
|c 2-1414.941
|l MZK
|r Sklad / do 1 hodiny
|n 1
|p p.v.
|w 001690405
|u 000010
|a 1
|e BOA001
|j MZK50
|s P
|